Statistics for Brazilian Subdivision Topological Map

Click here to take the quiz!

General Stats

  • This quiz has been taken 16 times
  • The average score is 20 of 27

Answers on the Map

Answers color-coded by a green-red scale on the quiz's map according to % correct below.
 

Answer Stats

Answer% Correct
Amazonas
100%
Mato Grosso do Sul
91%
Pará
91%
Rio de Janeiro
91%
Rio Grande do Sul
91%
São Paulo
91%
Amapá
82%
Distrito Federal
82%
Espírito Santo
82%
Maranhão
82%
Minas Gerais
82%
Paraná
82%
Santa Catarina
82%
Acre
73%
Mato Grosso
73%
Piauí
73%
Rio Grande do Norte
73%
Roraima
73%
Bahia
64%
Ceará
64%
Paraíba
64%
Rondônia
64%
Sergipe
64%
Tocantins
64%
Goiás
55%
Pernambuco
55%
Alagoas
45%

Score Distribution

Percentile by Number Answered

Percent of People with Each Score

Your Score History

You have not taken this quiz